Toutes les communes du canton de Chalonnes-sur-Loire (49) - Statistiques

Statistiques générales
  • Ce quiz a été pris 23 fois
  • Le résultat moyen est 8 sur 14
Réponses sur la Carte
Les réponses sont colorées sur une échelle allant du rouge au vert en fonction du pourcentage des utilisateurs qui les ont devinées à leur premier essai. Vous pouvez retrouver ces pourcentages ci-dessous.
 
Statistiques - réponses
Commune % Correct
Chalonnes-sur-Loire
100%
Bécon-les-Granits
60%
Champtocé-sur-Loire
60%
Denée
60%
Ingrandes-le-Fresne-sur-Loire
60%
La Possonnière
60%
Rochefort-sur-Loire
60%
Saint-Augustin-des-Bois
60%
Saint-Georges-sur-Loire
60%
Saint-Germain-des-Prés
60%
Val d'Erdre-Auxence
60%
Chaudefonds-sur-Layon
40%
Erdre-en-Anjou (fraction)
40%
Saint-Sigismond
40%
Aucun quiz correspondant
Distribution des résultats
% des personnes avec chaque résultat
Percentile par nombre de réponses
Votre historique - résultats
Vous n’avez pas pris ce quiz